MARC

LEADER 00000nam0a2200000 4500
001 86490
005 20231031101611.0
010 |a 5222069575 
010 |a 5-98029-010-9 
035 |a (RuTPU)RU\TPU\book\92885 
090 |a 86490 
100 |a 20051128d2005 m y0rusy50 ca 
101 0 |a rus 
102 |a RU 
105 |a a j 001zy 
200 1 |a История Сибири  |e учебное пособие  |f Л. Г. Олех 
205 |a 2-е изд., перераб. и доп. 
210 |a Ростов-на-Дону  |c Феникс  |a Новосибирск  |c Сибирское соглашение  |d 2005 
215 |a 360 с.  |c ил. 
225 1 |a Высшее образование 
320 |a Библиогр.: с. 340-343. 
451 1 |0 (RuTPU)RU\TPU\book\25549  |y 5-16-000-501-3  |t История Сибири  |o учебное пособие  |f Л. Г. Олех  |c М.  |n Инфра-М  |c Новосибирск  |n Сибирское соглашение  |d 2001  |p 314 с.  |s Высшее образование  |a Олех, Леонид Григорьевич 
451 |y 5-8479-0006-6 
610 1 |a история 
610 1 |a Сибирь 
610 1 |a методология 
610 1 |a философия 
610 1 |a Древние государства 
610 1 |a присоединение к России 
610 1 |a колонизация 
610 1 |a освоение 
610 1 |a социальная структура 
610 1 |a быт 
610 1 |a культура 
610 1 |a управление 
610 1 |a 17 век 
610 1 |a 18 век 
610 1 |a 19 век 
610 1 |a 20 век 
610 1 |a русская идея 
610 1 |a евразийство 
610 1 |a сибирское областничество 
610 1 |a экономика 
610 1 |a духовная культура 
610 1 |a ссылка 
610 1 |a каторга 
610 1 |a наука 
610 1 |a СССР 
610 1 |a перестройка 
610 1 |a учебные пособия 
686 |a Т3(253)я73  |v LBC/SL-A  |2 rubbk 
700 1 |a Олех  |b Л. Г.  |g Леонид Григорьевич 
801 1 |a RU  |b 63413507  |c 20051128  |g PSBO 
801 2 |a RU  |b 63413507  |c 20150430  |g PSBO 
900 |a История Сибири 
942 |c BK 
959 |a 97/20051124  |d 1  |e 180  |f НФ:1 
959 |a 17/20060217  |d 2  |e 100  |f АНЛ:1  |f ЧЗГЛ:1 
959 |a 60/20060705  |d 1  |e 100,00  |f АНЛ:1